<?xml version="1.0" encoding="UTF-8"?><?xml-stylesheet type="text/xsl" href="static/style.xsl"?><OAI-PMH xmlns="http://www.openarchives.org/OAI/2.0/" xmlns:xsi="http://www.w3.org/2001/XMLSchema-instance" xsi:schemaLocation="http://www.openarchives.org/OAI/2.0/ http://www.openarchives.org/OAI/2.0/OAI-PMH.xsd"><responseDate>2026-06-01T22:04:54Z</responseDate><request verb="GetRecord" identifier="oai:riuma.uma.es:10630/38470" metadataPrefix="marc">https://riuma.uma.es/rest/oai/request</request><GetRecord><record><header><identifier>oai:riuma.uma.es:10630/38470</identifier><datestamp>2026-02-03T10:57:49Z</datestamp><setSpec>com_10630_2254</setSpec><setSpec>col_10630_37953</setSpec></header><metadata><record xmlns="http://www.loc.gov/MARC21/slim" xmlns:dcterms="http://purl.org/dc/terms/" xmlns:doc="http://www.lyncode.com/xoai" xmlns:xsi="http://www.w3.org/2001/XMLSchema-instance" xsi:schemaLocation="http://www.loc.gov/MARC21/slim http://www.loc.gov/standards/marcxml/schema/MARC21slim.xsd">
   <leader>00925njm 22002777a 4500</leader>
   <datafield ind2=" " ind1=" " tag="042">
      <subfield code="a">dc</subfield>
   </datafield>
   <datafield ind2=" " ind1=" " tag="720">
      <subfield code="a">Escriche-Escuder, Adrián</subfield>
      <subfield code="e">author</subfield>
   </datafield>
   <datafield ind2=" " ind1=" " tag="720">
      <subfield code="a">García-Almeida, José Manuel</subfield>
      <subfield code="e">author</subfield>
   </datafield>
   <datafield ind2=" " ind1=" " tag="720">
      <subfield code="a">Vegas-Aguilar, Isabel María</subfield>
      <subfield code="e">author</subfield>
   </datafield>
   <datafield ind2=" " ind1=" " tag="720">
      <subfield code="a">Pajares, Bella</subfield>
      <subfield code="e">author</subfield>
   </datafield>
   <datafield ind2=" " ind1=" " tag="720">
      <subfield code="a">Alba-Conejo, Emilio</subfield>
      <subfield code="e">author</subfield>
   </datafield>
   <datafield ind2=" " ind1=" " tag="720">
      <subfield code="a">Trinidad-Fernández, Manuel</subfield>
      <subfield code="e">author</subfield>
   </datafield>
   <datafield ind2=" " ind1=" " tag="720">
      <subfield code="a">Roldán-Jiménez, Cristina</subfield>
      <subfield code="e">author</subfield>
   </datafield>
   <datafield ind2=" " ind1=" " tag="720">
      <subfield code="a">Cuesta-Vargas, Antonio</subfield>
      <subfield code="e">author</subfield>
   </datafield>
   <datafield ind2=" " ind1=" " tag="260">
      <subfield code="c">2025-04-21</subfield>
   </datafield>
   <datafield ind2=" " ind1=" " tag="520">
      <subfield code="a">Purpose&#xd;
The aims of this study were to analyze the effects of a 12-week exercise intervention on bioelectrical impedance analysis-derived phase angle (PhA), resistance (R), and reactance (Xc) in breast cancer survivors (BCS) and analyze the relationship between changes in bioelectrical impedance variables and changes in functional capacity and muscular strength.&#xd;
&#xd;
Methods&#xd;
This was a prospective cohort study. Potentially eligible patients were recruited from the Medical Oncology Unit of the hospital. Female BCS older than 18 years were offered to participate in the study if they had previously undergone surgery for their primary tumor and there was no evidence of recurrence at the time of recruitment. A 12-week exercise program including resistance and endurance training was performed, including two weekly sessions led by a physical therapist. Measurements were performed at baseline and after 12 weeks, including PhA and function-related outcomes. The relationship between changes in PhA and function-related outcomes was assessed using the Pearson r correlation coefficient.&#xd;
&#xd;
Results&#xd;
Sixty-seven BCS women were included in the analysis. A significant increase was found in PhA and functional outcomes after the intervention, as well as a significant decrease in R. Bivariate correlations showed a significant positive correlation between PhA and functional tests (Hand grip, r = 0.37 [p = 0.002], 30-Sit to Stand, r = 0.39 [0.002], respectively).&#xd;
&#xd;
Conclusion&#xd;
A 12-week concurrent exercise program may be effective to improve PhA and R. Additionally, there appears to be a correlation between PhA and Xc with functional capacity outcomes. Finally, baseline PhA, Xc, and R values explained part of the 30-STS and hand grip tests variance at 12 weeks, which could suggest its importance in the prognosis.</subfield>
   </datafield>
   <datafield ind1="8" ind2=" " tag="024">
      <subfield code="a">Escriche-Escuder, A., García-Almeida, J.M., Vegas-Aguilar, I.M. et al. Effect of a 12-week exercise program on phase angle in women with breast cancer. Support Care Cancer 33, 398 (2025).</subfield>
   </datafield>
   <datafield ind1="8" ind2=" " tag="024">
      <subfield code="a">0941-4355</subfield>
   </datafield>
   <datafield ind1="8" ind2=" " tag="024">
      <subfield code="a">https://hdl.handle.net/10630/38470</subfield>
   </datafield>
   <datafield ind1="8" ind2=" " tag="024">
      <subfield code="a">10.1007/s00520-025-09443-4</subfield>
   </datafield>
   <datafield tag="653" ind2=" " ind1=" ">
      <subfield code="a">Mamas - Cáncer</subfield>
   </datafield>
   <datafield tag="653" ind2=" " ind1=" ">
      <subfield code="a">Cáncer - Fisioterapia</subfield>
   </datafield>
   <datafield tag="653" ind2=" " ind1=" ">
      <subfield code="a">Cáncer - Ejercicios terapéuticos</subfield>
   </datafield>
   <datafield ind2="0" ind1="0" tag="245">
      <subfield code="a">Efect of a 12-week exercise program on phase angle in women  with breast cancer.</subfield>
   </datafield>
</record>
</metadata></record></GetRecord></OAI-PMH>